书目信息 |
| 题名: |
成功之路
|
|
| 作者: | 邱军 主编 ;隋岩 编著 | |
| 分册: | 2 提高篇 | |
| 出版信息: | 北京 北京语言大学出版社 2008.12 |
|
| 页数: | 155页 | |
| 开本: | 29cm | |
| 丛书名: | 进阶式对外汉语系列教材 | |
| 单 册: | ||
| 中图分类: | H195.4 | |
| 科图分类: | ||
| 主题词: | 汉语--han yu--对外汉语教学--教材 | |
| 电子资源: | ||
| ISBN: | 978-7-5619-2207-1 | |
| 000 | 01205nam 2200301 450 | |
| 001 | 012009929567 | |
| 005 | 20091016103343.87 | |
| 010 | @a978-7-5619-2207-1@dCNY45.00 (含光盘、附件) | |
| 010 | @a978-7-88703-632-2@b光盘 | |
| 100 | @a20091016d2008 em y0chiy0120 ea | |
| 101 | 0 | @achi |
| 102 | @aCN@b110000 | |
| 105 | @aa z 000yy | |
| 106 | @ar | |
| 200 | 1 | @a成功之路@Acheng gong zhi lu@i提高篇@d= Road to success@iLower intermediate@h2@f邱军主编@Fqiu jun zhu bian@g隋岩编著@Gsui yan bian zhu@zeng |
| 210 | @a北京@c北京语言大学出版社@d2008.12 | |
| 215 | @a155页@c图@d29cm@e光盘1片 + 练习参考答案1册(8页,26cm) | |
| 225 | 2 | @a进阶式对外汉语系列教材@Ajin jie shi dui wai han yu xi lie jiao cai |
| 300 | @a北京语言大学对外汉语教材研发中心规划项目 | |
| 330 | @a本书内容包括:雪化了,就有了路、给儿子起名、快乐是什么、我叫姚明、多年父子成兄弟、相亲男女、未来中国走向何方等故事。 | |
| 410 | 0 | @12001 @a进阶式对外汉语系列教材 |
| 510 | 1 | @aRoad to success@iLower intermediate@zeng |
| 606 | 0 | @a汉语@Ahan yu@x对外汉语教学@j教材 |
| 690 | @aH195.4@v4 | |
| 701 | 0 | @a邱军@Aqiu jun@4主编 |
| 702 | 0 | @a隋岩@Asui yan@4编著 |
| 801 | 0 | @aCN@bQSSK@c20091016 |
| 905 | @b763666-68@dH195.4@eQ725:2@f3 | |
| 成功之路.提高篇= Road to success.Lower intermediate.2/邱军主编/隋岩编著.-北京:北京语言大学出版社,2008.12 |
| 155页:图;29cm+光盘1片 + 练习参考答案1册(8页,26cm).-(进阶式对外汉语系列教材) |
| 北京语言大学对外汉语教材研发中心规划项目 |
| ISBN 978-7-5619-2207-1:CNY45.00 (含光盘、附件) |
| 本书内容包括:雪化了,就有了路、给儿子起名、快乐是什么、我叫姚明、多年父子成兄弟、相亲男女、未来中国走向何方等故事。 |
| ● |
| 相关链接 |
|
|
|
正题名:成功之路
索取号:H195.4/Q725:2
 
预约/预借
| 序号 | 登录号 | 条形码 | 馆藏地/架位号 | 状态 | 备注 |
| 1 | 763666 | 207636664 | 语言库209/209语言库 78排4列6层/ [索取号:H195.4/Q725:2] | 在馆 | |
| 2 | 763667 | 207636673 | 语言库209/209语言库 78排4列6层/ [索取号:H195.4/Q725:2] | 在馆 | |
| 3 | 763668 | 207636682 | 语言库209/209语言库 78排4列6层/ [索取号:H195.4/Q725:2] | 在馆 |